| 000 | 00485cam a2200193ua 4500 | ||
|---|---|---|---|
| 001 | 6251 | ||
| 005 | 20260515114023.0 | ||
| 008 | 131126n ii |||gr||||Z||||||asm | ||
| 040 | _cMAIN | ||
| 082 | _a651 | ||
| 245 |
_aBanijya pranali _cBy Devdas bharali |
||
| 250 | _a3rd ed. | ||
| 260 |
_aGuwahati: _bPathyaputhi prastuti samanay samiti, _c1982. |
||
| 300 | _ax,397p. | ||
| 653 | _aOffice services | ||
| 653 | _aBanijya pranali | ||
| 700 |
_aBharali,Devdas, _eAuthor. |
||
| 942 | _cBK | ||
| 999 |
_c5398 _d5398 |
||